| 000 | 00868nam a2200253 a 4500 | ||
|---|---|---|---|
| 008 | 110916s1981 ag ||||f |||| 00| 0 spa d | ||
| 020 | _aS/N | ||
| 041 | _aspa | ||
| 092 |
_c150 _l32 _sHAL |
||
| 100 | 1 |
_aHall, Calvin S. _91602 |
|
| 245 |
_aCompendio de psicología freudiana / _cCalvin S. Hall |
||
| 250 |
_a1a ed. _bTraducción Mara Mercader |
||
| 260 |
_aBuenos Aires: _bPaidós; _c1981. |
||
| 300 | _a137 p. | ||
| 500 | _aHall, C. S. (1981). Compendio de psicología Freudiana. (1a ed.). Buenos Aires : Paidos. | ||
| 590 | _aDonación septiembre 2011 | ||
| 590 | _aColección Biblioteca del Hombre Contemporaneo, vol.106 | ||
| 653 | _aSigmund Freud (1856-1939) | ||
| 653 | _aOrganización de la personalidad | ||
| 653 | _aDinámica de la personalidad | ||
| 653 | _aDesarrollo de la personalidad | ||
| 653 | _aPersonalidad estabilizada | ||
| 942 |
_2ddc _cBK |
||
| 999 |
_c992 _d992 |
||